000 00690nam a22001937a 4500
999 _c18495
_d18495
003 AR-CdUCM
008 190514b ||||| |||| 00| 0 spa d
040 _aMUNICIPALIDAD PROVINCIAL DEL CUSCO
_cBIBLIOTECA MUNICIPAL DEL CUSCO
082 _a869.56 /
_bM68 / 1946
100 _aModesto Villavicencio, Victor
_939116
245 _aVidas frustradas /
260 _aLima :
_bImpresos calson,
_c1946.
300 _a313 paginas ;
_c19 cm.
505 _aContenido: Niebla en el camino -- Los aureos -- Camino de perfección -- Amor y sombra -- Orden paz y trabajo -- El fronton...
650 _aVidas
_922566
650 _aFrustradas
_939117
942 _2ddc
_cLIBROS
945 _apjha
_d2019-05-14